000 00412 a2200157 4500
999 _c5210
_d5210
020 _a0553171720
050 0 0 _aPS3554 DEB 1986
100 1 _aDe Blasis, Celeste.
_eauthor
245 1 0 _aWild swan /
_cCeleste De Blasis.
264 _aLondon :
_bBantam Books,
_c1986.
300 _a687p. ;
500 _aFiction
650 _aFamilies -- Fiction
650 _aMaryland -- Fiction
942 _2lcc
_cBK
_h3554
_iDEB
_k1986